Just a little sick / (Record no. 2303)
[ view plain ]
| 000 -LEADER | |
|---|---|
| fixed length control field | 00969cam a22002777a 4500 |
| 005 - DATE AND TIME OF LATEST TRANSACTION | |
| control field | 20250331084237.0 |
| 020 ## - INTERNATIONAL STANDARD BOOK NUMBER | |
| International Standard Book Number | 9780060835552 |
| 020 ## - INTERNATIONAL STANDARD BOOK NUMBER | |
| International Standard Book Number | 9780060835569 |
| 040 ## - CATALOGING SOURCE | |
| Original cataloging agency | DLC |
| Transcribing agency | DLC |
| Modifying agency | DLC |
| Language of cataloging | eng |
| 050 00 - LIBRARY OF CONGRESS CALL NUMBER | |
| Classification number | PZ7.M462 |
| 082 ## - DEWEY DECIMAL CLASSIFICATION NUMBER | |
| Classification number | 558 |
| 100 1# - MAIN ENTRY--PERSONAL NAME | |
| Personal name | Mayer, Mercer |
| Dates associated with a name | 1943- |
| 245 10 - TITLE STATEMENT | |
| Title | Just a little sick / |
| Statement of responsibility, etc. | by Mercer Mayer |
| 250 ## - EDITION STATEMENT | |
| Edition statement | First Edition |
| 260 ## - PUBLICATION, DISTRIBUTION, ETC. | |
| Place of publication, distribution, etc. | New York : |
| Name of publisher, distributor, etc. | Harper, |
| Date of publication, distribution, etc. | 2010 |
| 300 ## - PHYSICAL DESCRIPTION | |
| Extent | 32 pages : |
| Other physical details | illustrations ; |
| Dimensions | 23 cm |
| 490 0# - SERIES STATEMENT | |
| Series statement | I can read! My first shared reading |
| 500 ## - GENERAL NOTE | |
| General note | "Mercer Mayer's Little Critter"--Cover. |
| 505 ## - FORMATTED CONTENTS NOTE | |
| Formatted contents note | F |
| 520 ## - SUMMARY, ETC. | |
| Summary, etc. | Little Critter, who is sick, looks forward to a day home from school and plans a day of fun, but when his mother makes him stay in bed and takes him to the doctor, he looks forward to returning to school so he can see his friends. |
| 521 ## - TARGET AUDIENCE NOTE | |
| Target audience note | 440 |
| Source | Lexile |
| 521 ## - TARGET AUDIENCE NOTE | |
| Target audience note | F |
| Source | Raz-Plus |
| 906 ## - LOCAL DATA ELEMENT F, LDF (RLIN) | |
| a | 7 |
| b | cbc |
| c | orignew |
| d | 4 |
| e | ncip |
| f | 20 |
| g | y-gencatlg |
| 942 ## - ADDED ENTRY ELEMENTS (KOHA) | |
| Source of classification or shelving scheme | Dewey Decimal Classification |
| Koha item type | Books |
| Suppress in OPAC | No |
| 999 ## - | |
| -- | 2303 |
| -- | 2303 |
| Withdrawn status | Lost status | Source of classification or shelving scheme | Damaged status | Not for loan | Collection | Home library | Current library | Shelving location | Date acquired | Total Checkouts | Full call number | Barcode | Date last seen | Date last checked out | Price effective from | Koha item type | Copy number |
|---|---|---|---|---|---|---|---|---|---|---|---|---|---|---|---|---|---|
| Dewey Decimal Classification | Juvenile Fiction | Footprints International School Library Network Toul Kork Campus | Footprints International School Library Network Toul Kork Campus | TK Primary Library Room(4th Floor), Bookcase 1&2, Shelves 1-16, Dark Blue Books | 11/15/2023 | 3 | MAY 558 PZ7.M462 | FISTK00845 | 02/13/2025 | 02/05/2025 | 11/15/2023 | Books | |||||
| Dewey Decimal Classification | Juvenile Fiction | Footprints International School Library Network Toul Tom Poung Campus | Footprints International School Library Network Toul Tom Poung Campus | TTP Primary Dark Blue Bookshelves | 03/31/2025 | MAY 558 PZ7.M462 | 2025-0897 | 03/31/2025 | 03/31/2025 | Books | 2 |
